Technická zařízení budov: Podklady pro projekty /

Na minha lista:
Detalhes bibliográficos
Main Authors: Jelínek, Vladimír (Author), Kabele, Karel, 1960- (Author), Papež, Karel (Author), Houšková, M (Author)
Formato: Livro
Idioma:tcheco
Publicado em: Praha: Vydavateľstvo ČVUT, 2005
Edição:Dotlač 2. prepracovaného vydania
Assuntos:
Tags: Adicionar Tag
Sem tags, seja o primeiro a adicionar uma tag!

MARC

LEADER 00000nam a22000003a 4500
001 0071907
003 SK-STU
005 20190222095725.0
007 ta
008 190222s ----xo-----e------000-0-----d
020 |a 80-01-02887-9 
040 |a STU  |b slo 
041 0 |a cze  |h cze 
044 |a xr 
100 1 |a Jelínek, Vladimír  |4 aut 
245 1 0 |a Technická zařízení budov:  |b Podklady pro projekty /  |c aut. Vladimír Jelínek, Karel Kabele, Karel Papež, M Houšková 
250 |a Dotlač 2. prepracovaného vydania 
260 |a Praha:  |b Vydavateľstvo ČVUT,  |c 2005 
300 |a 158 s. 
650 0 7 |a technické zariadenia budov 
650 0 7 |a kanalizácia 
650 0 7 |a vodovod 
650 0 7 |a teplá voda 
650 0 7 |a kúrenie 
650 0 7 |a vzduchotechnika budov 
700 1 |a Kabele, Karel,  |d 1960-  |4 aut  |X 70704  |7 A000070704 
700 1 |a Papež, Karel  |4 aut 
700 1 |a Houšková, M  |4 aut 
996 |b 284V041061  |c V* 43774/S-19  |l VVT  |s A  |a 24  |w 0071907_0001